Statistiques concernant Equipes Rugby Top 14 (2016-2017)

Cliquez ici pour prendre le quiz!

Statistiques générales

  • Ce quiz a été pris 86 fois
    (72 depuis la dernière actualisation)
  • Le résultat moyen est 13 sur 14

Statistiques - réponses

Equipes % Correct
4RC Toulon
100%
12Stade Toulousain
98%
2ASM Clermont
97%
7Stade-Français
97%
6Racing-Metro 92
93%
10Lyon LOU
93%
11Union Bordeaux-Bègles
93%
3Montpellier HR
91%
5Castres Olympique
91%
1La Rochelle
86%
9Section Paloise
83%
14Aviron Bayonnais
83%
13FC Grenoble
74%
8CA Brive-Corrèze
72%

Distribution des résultats

Percentile by Number Answered

% des personnes avec chaque résultat

Votre développement - résultats

Vous n’avez pas pris ce quiz depuis la dernière actualisation